00603cam a2200181 a 4500020001800000040000800018082002600026100001800052245006000070260003100130300002900161490002700190500001700217650003000234650003500264700001800299710010400317 a9789995052249 cDLC a935 CDR 2008 A104 Co.1 aHorng, Vuthy.10aAccountability and planning in decentralised Cambodia / aPhnom Penh :bCDRI,c2008. a133 p. :bill. ;c30 cm.0 aWorking paper series ; a"July 2008." 0aGovernment accountability 0aDecentralization in government1 aDavid, Craig,2 aVidyāsthān Paṇṭuḥ Paṇṭāl niṅ Srāvjrāv ṭoempī Qabhivaḍḍhn ̊Kambujā.